000
00279nam a2200133Ia 4500
100
_a
Padaria
942
_c
BK
654
_a
Signal analysis
245
_a
Signal & Systems analysis
260
_b
Technova
_c
1996
082
_a
621.3822
_b
PAD/KU
546
_a
ENGLISH
999
_c
26951
_d
26951